000 00998cam a2200313 a 4500
001 4328565
003 OSt
005 20140310182701.0
008 880421s1989 maua 001 0 eng
010 _a 88015423
020 _a9814058351
_c$34.95
040 _aDLC
_cDLC
_dDLC
050 0 0 _aQA 154.2
_b.L712 2002
082 0 0 _aM 512
_bL53 2002
100 1 _aLeithold, Louis.
245 1 0 _aCollege algebra and trigonometry /
_cLeithold, Louis
260 _aUnited States :
_bAddison-Wesley Publishing Company, Inc.,
_cc2002.
300 _axviii, 702 p.
_bill. ;
_c24 cm.
500 _aIncludes index.
521 _aCollege Students
526 _c1210L-1700L
541 _j1
562 _eFor circulation. 1 copy available in the collection
650 0 _aAlgebra.
650 0 _aTrigonometry.
906 _a7
_bcbc
_corignew
_d1
_eocip
_f19
_gy-gencatlg
942 _2lcc
_cBK
_kM
999 _c15171
_d15171